| 000 | 01301nam a2200301 a 4500 | ||
|---|---|---|---|
| 001 | 000013426 | ||
| 003 | DO-SdBNP | ||
| 005 | 20260321073639.0 | ||
| 008 | 091124s1990 dr ac 001 0 spa d | ||
| 040 |
_aDO-SdBNP _bspa _cBNPHU |
||
| 082 |
_a324.97293054 _bE38d |
||
| 245 | 0 | 0 |
_aElecciones ´90 : _bdiscursos pronunciados ante la Cámara Americana de Comercio. |
| 260 |
_aSanto Domingo : _bAmerican Chamber of Commerce of the Dominican Republic, _c1990. _fTaller |
||
| 300 |
_a137 p. : _bil., retrs. ; _c23 cm. |
||
| 500 | _aDiscursos pronunciados ante la Cámara Americana de Comercio por Froilán J.R. Tavares, Juan Bosch, José F. Peña Gómez, Jacobo Majluta y Joaquín Balaguer. | ||
| 590 | _aInventariado, 2018/BT | ||
| 600 | 1 | 4 |
_aTavares, Froilán J.R. _xDiscursos _930676 |
| 600 | 1 | 0 |
_a Bosch, Juan, _d1909-2001 _976555 |
| 600 | 1 | 0 |
_aPeña Gomez, Jose Francisco , _d1937-1998 _xDiscursos _92994 |
| 600 | 1 | 4 |
_aMajluta, Jacobo, _xDiscursos _930679 |
| 600 | 1 | 0 |
_a Balaguer, Joaquín, _d1906-2002 _xDiscursos _976556 |
| 650 | 1 | 4 |
_aElecciones _zRepúlica Dominicana _930681 |
| 650 | 1 | 4 |
_aPresidentes _zRepública Dominicana _9599 |
| 700 | 1 | 2 |
_aWilson A., Rood, _epról. _930683 |
| 710 | 2 |
_aCámara Americana de Comercio _930682 |
|
| 910 | _aValidado. Control de calidad. MFF | ||
| 942 |
_2ddc _cLBS1 |
||
| 999 |
_c13052 _d13052 |
||